000 00261nam a22001097a 4500
008 170124b xxu||||| |||| 00| 0 eng d
020 _a9780323030014
041 _aeng
080 _a618.2
245 _aVIRTUAL CLINICALEXCURSIONS
_cPOTTER & PERRY
942 _2udc
_cBK
999 _c3515
_d3515